MARC details
| 000 -CABECERA |
| campo de control de longitud fija |
02561nam a2200349 4500 |
| 003 - IDENTIFICADOR DEL NÚMERO DE CONTROL |
| campo de control |
EC-UNACH |
| 005 - FECHA Y HORA DE LA ÚLTIMA TRANSACCIÓN |
| campo de control |
20260410164214.0 |
| 006 - CÓDIGOS DE INFORMACIÓN DE LONGITUD FIJA--CARACTERÍSTICAS DEL MATERIAL ADICIONAL |
| campo de control de longitud fija |
s||||gr|||| 00| 00 |
| 008 - DATOS DE LONGITUD FIJA--INFORMACIÓN GENERAL |
| campo de control de longitud fija |
150116t9999 mx r gr 000 0 spa d |
| 020 ## - NÚMERO INTERNACIONAL ESTÁNDAR DEL LIBRO |
| Número Internacional Estándar del Libro |
978-9942-584-19-9 |
| 040 ## - FUENTE DE LA CATALOGACIÓN |
| Centro catalogador/agencia de origen |
EC-UNACH |
| Centro/agencia transcriptor |
EC-UNACH |
| 041 ## - CÓDIGO DE LENGUA |
| Código de lengua del texto/banda sonora o título independiente |
spa |
| 082 04 - NÚMERO DE LA CLASIFICACIÓN DECIMAL DEWEY |
| Número de edición |
23 |
| Número de clasificación |
370 |
| Número de documento/Ítem |
L018626 |
| 100 ## - ENTRADA PRINCIPAL--NOMBRE DE PERSONA |
| Nombre de persona |
Flores Bracero, Oscar / Vera Ponce, Myllere / Herrera, Stan |
| 245 ## - MENCIÓN DE TÍTULO |
| Título |
Poéticas e intertextos en la literatura hispanoamericana |
| 250 ## - MENCIÓN DE EDICIÓN |
| Mención de edición |
Primera edición |
| 264 ## - Producción, publicación, distribución, fabricación y copyright |
| Lugar de producción, publicación, distribución, fabricación |
Riobamba - Ecuador |
| Nombre del de productor, editor, distribuidor, fabricante |
Universidad Nacional de Chimborazo |
| Fecha de de producción, publicación, distribución, fabricación o copyright |
2025 |
| 264 ## - Producción, publicación, distribución, fabricación y copyright |
| Lugar de producción, publicación, distribución, fabricación |
Producción - UNACH |
| 300 ## - DESCRIPCIÓN FÍSICA |
| Extensión |
156 páginas |
| 501 ## - NOTA DE "CON" |
| Nota de “Con” |
El libro Poéticas e intertextos en la literatura hispanoamericana explora, desde un enfoque hermenéutico, las relaciones temáticas que se erigen como auténticas poéticas en la producción teatral de Federico García Lorca, así como en la poesía del argentino Juan Gelman. En el capítulo 1 se ejecuta un análisis del nacimiento y evolución del concepto de intertextualidad en la teoría literaria contemporánea.<br/><br/>Por su parte, el capítulo 2 explora las representaciones del tema de la infertilidad en Yerma (1934), de Federico García Lorca, donde no solo constituye un entramado simbólico en función de la crítica a los roles de género, sino una auténtica poética que se nutre de los márgenes. En tanto, el capítulo 3 valora la representación del tema thanático en Traducciones III. Los poemas de Sidney West (1969) de Juan Gelman. El texto, sustentado en una sólida revisión documental y en aparatajes analíticos y categoriales de la teoría literaria del siglo XX, propone nuevas miradas y enfoques a obras, que, si bien forman parte del canon literario hispanoamericano, resultan francamente inexploradas por la academia ecuatoriana. |
| 505 ## - NOTA DE CONTENIDO CON FORMATO |
| Nota de contenido con formato |
Capítulo1. Intertuxtualidad: Historia de un concepto -- Capítulo 2. Representaciones del tema de la infertilidad en yerma de Federico García Lorca -- Capítulo 3. El tratamiento del tema de la muerte en los poemas de Sidney West de Juan Gelman -- Consideraciones finales. |
| 650 ## - PUNTO DE ACCESO ADICIONAL DE MATERIA--TÉRMINO DE MATERIA |
| Término de materia o nombre geográfico como elemento inicial |
Poesía |
| 650 ## - PUNTO DE ACCESO ADICIONAL DE MATERIA--TÉRMINO DE MATERIA |
| Término de materia o nombre geográfico como elemento inicial |
Teatro |
| 650 ## - PUNTO DE ACCESO ADICIONAL DE MATERIA--TÉRMINO DE MATERIA |
| Término de materia o nombre geográfico como elemento inicial |
Análisis literario |
| 650 ## - PUNTO DE ACCESO ADICIONAL DE MATERIA--TÉRMINO DE MATERIA |
| Término de materia o nombre geográfico como elemento inicial |
Discurso |
| 650 ## - PUNTO DE ACCESO ADICIONAL DE MATERIA--TÉRMINO DE MATERIA |
| Término de materia o nombre geográfico como elemento inicial |
Literatura |
| 856 ## - LOCALIZACIÓN Y ACCESO ELECTRÓNICOS |
| Identificador Uniforme del Recurso |
<a href="https://editorial.unach.edu.ec/index.php/Editorial/catalog/book/284">https://editorial.unach.edu.ec/index.php/Editorial/catalog/book/284</a> |
| Texto de enlace |
Libro Digital - Poética e intertextos en la literatura hispanoamericana |
| 942 ## - ELEMENTOS DE PUNTO DE ACCESO ADICIONAL (KOHA) |
| Fuente del sistema de clasificación o colocación |
Clasificación Decimal Dewey |
| Tipo de ítem Koha |
Libro electrónico |
| 999 ## - NÚMEROS DE CONTROL DE SISTEMA (KOHA) |
| Koha biblionumber |
14489 |